00525nam a2200169Ia 4500008004100000020001800041041000800059082001600067100001800083245002400101250000600125260005100131300001500182650000900197999001900206952013000225210716s2009 xx 000 0 und d a9788122423877 aeng a004.35 BHUM aBhujade, M R. aParallel computing. a2 aNew DelhibNew Age International Pvt Ltdc2009 ax,278/2018 aNone c197372d197372 001040708MCAaAIMITbAIMITeKnowledge Worldg299.00l0o004.35 BHUMpMCA16898r2025-07-21 00:00:00v224.25w2021-07-16yBK